Jussi Hanhimäki, Georges-Henri Soutou et Basil Germon (eds.), The Routledge Handbook of Transatlantic Security, Londres, Routledge, 2012, 336 p. Jussi Hanhimäki, Benedikt Schoenborn et Barbara Zanchetta, Transatlantic Relations since 1945: An Introduction, Londres, Routledge, 2012, 208 p. (notice n° 1656065)

détails MARC
000 -LEADER
fixed length control field 02683cam a2200169 4500500
005 - DATE AND TIME OF LATEST TRANSACTION
control field 20260208010326.0
041 ## - LANGUAGE CODE
Language code of text/sound track or separate title fre
042 ## - AUTHENTICATION CODE
Authentication code dc
100 10 - MAIN ENTRY--PERSONAL NAME
Personal name Gloriant, Frédéric
Relator term author
245 00 - TITLE STATEMENT
Title Jussi Hanhimäki, Georges-Henri Soutou et Basil Germon (eds.), The Routledge Handbook of Transatlantic Security, Londres, Routledge, 2012, 336 p. Jussi Hanhimäki, Benedikt Schoenborn et Barbara Zanchetta, Transatlantic Relations since 1945: An Introduction, Londres, Routledge, 2012, 208 p.
260 ## - PUBLICATION, DISTRIBUTION, ETC.
Date of publication, distribution, etc. 2013.<br/>
500 ## - GENERAL NOTE
General note 20
520 ## - SUMMARY, ETC.
Summary, etc. L’analyse des productions médiatiques proposées par une dizaine de rédactions françaises sur quelques grands conflits africains des années 1990-2000 permet d’interroger les liens entre les représentations médiatiques de l’événement et les pratiques journalistiques. Cette approche par les contenus met en évidence de fortes corrélations entre l’intensification de la couverture médiatique, la dramatisation de l’événement et la valorisation du rôle de la France. Mise en perspective à l’aide d’une douzaine d’entretiens avec des journalistes, l’analyse révèle également une mise en scène de l’information sous l’influence des stratégies de communication déployées par la diplomatie française au service d’intérêts nationaux. Dès lors, la fabrique de l’information doit être considérée comme une production, collective et systémique, effectuée par des professionnels confrontés à des contraintes fortes et à des jeux d’influence de plus en plus complexes.
520 ## - SUMMARY, ETC.
Summary, etc. Journalists, politicians, and the French military in Africa – assessing their roles in news reporting, 1994-2008?The analysis of media production by some ten French editorial staffs on great African conflicts (1990-2000) brought into light the links between media coverage of events and journalistic practices. This article stresses the strong connections between the intensification of media coverage, the dramatization of events and France’s alleged prestigious role. A dozen journalists were interviewed in order to examine the communication of news items. It is clear that the interviewees were under the influence of the French diplomats’ communications strategies. Therefore, the production of news items should be considered as a collective and systemic production, performed by professionals who are under strong pressure and caught in the midst of complex influence networks.
786 0# - DATA SOURCE ENTRY
Note Relations internationales | 153 | 1 | 2013-05-29 | p. 113a-116a | 0335-2013
856 41 - ELECTRONIC LOCATION AND ACCESS
Uniform Resource Identifier <a href="https://shs.cairn.info/revue-relations-internationales-2013-1-page-113a?lang=fr&redirect-ssocas=7080">https://shs.cairn.info/revue-relations-internationales-2013-1-page-113a?lang=fr&redirect-ssocas=7080</a>

Pas d'exemplaire disponible.

PLUDOC

PLUDOC est la plateforme unique et centralisée de gestion des bibliothèques physiques et numériques de Guinée administré par le CEDUST. Elle est la plus grande base de données de ressources documentaires pour les Étudiants, Enseignants chercheurs et Chercheurs de Guinée.

Adresse

627 919 101/664 919 101

25 boulevard du commerce
Kaloum, Conakry, Guinée

Réseaux sociaux

Powered by Netsen Group @ 2025